01121nam a2200193Ia 450000500170000000800410001702000180005805000170007610000420009324500890013526000680022430000400029233600100033233700140034233800140035650400470037050504770041765000330089420231102151105.0120626s2007 sp a 000 0 spa d a9788448159429 aLB1028bA53 1 aAlbert Gómez, María Joséeautor aLa Investigación Educativab: Claves teóricasc / María José, Albert Gómez aMéxicob: McGraw-Hill b: Interamericana de Españac, 2007 axiv, 265 páginasb: ilustraciones atexto asin medio avolúmen aIncluye: Bibliografía en cada capítulo aAspectos fundamentales sobre investigación Metodología cuantitativa de la investigación : el proceso de investigación Métodos de investigación cuantitativa Instrumentos y técnicas de recogida de datos desde el enfoque cuantitativo Metodología cualitativa de la investigación El proceso de investigación cualitativa Métodos cualitativos de investigación Instrumentos y recogida de datos desde el enfoque cualitativo El reporte de la investigación 14aEDUCACIÓNxINVESTIGACIÓN